El paseo del escéptico o Las avenidas / (Record no. 196326)

MARC details
000 -LEADER
campo de control de longitud fija 01770nam a2200493 i 4500
001 - NÚMERO DE CONTROL
campo de control 196326
003 - IDENTIFICADOR DE NÚMERO DE CONTROL
campo de control ES-MaACL
005 - FECHA Y HORA DE LA ÚLTIMA TRANSACCIÓN
campo de control 20251128112251.0
007 - CAMPO FIJO DE DESCRIPCIÓN FÍSICA--INFORMACIÓN GENERAL
campo de control de longitud fija ta
008 - DATOS DE LONGITUD FIJA--INFORMACIÓN GENERAL
campo de control de longitud fija 240913s2016 sp 000 0 spa
017 ## - NÚMERO DE COPYRIGHT O DE DEPÓSITO LEGAL
Número de copyright o de depósito legal NA 2394-2015
Agencia que asigna Oficina Depósito Legal Navarra
020 ## - NÚMERO INTERNACIONAL ESTÁNDAR DEL LIBRO
Número Internacional Estándar del Libro 9788492422883
035 ## - NÚMERO DE CONTROL DEL SISTEMA
Número de control de sistema (OCoLC)982082549
035 ## - NÚMERO DE CONTROL DEL SISTEMA
Número de control de sistema (SpMaBN)a5926022
035 ## - NÚMERO DE CONTROL DEL SISTEMA
Número de control de sistema 991001534179708606
040 ## - FUENTE DE CATALOGACIÓN
Centro catalogador/agencia de origen SpMaBN
Lengua de catalogación spa
Centro/agencia transcriptor SpMaBN
Normas de descripción rdc
Centro/agencia modificador ES-MaACL
080 ## - NÚMERO DE LA CLASIFICACIÓN DECIMAL UNIVERSAL
Número de la Clasificación Decimal Universal 27-285.4
080 ## - NÚMERO DE LA CLASIFICACIÓN DECIMAL UNIVERSAL
Número de la Clasificación Decimal Universal 165.72
100 1# - ENTRADA PRINCIPAL--NOMBRE DE PERSONA
Nombre de persona Diderot, Denis,
Fechas asociadas al nombre 1713-1784
9 (RLIN) 44511
245 13 - MENCIÓN DEL TÍTULO
Título El paseo del escéptico o Las avenidas /
Mención de responsabilidad, etc. Denis Diderot ; traducción de Elena del Amo ; epílogo y notas de Roberto R. Aramayo ; apéndice de Mario Bunge
246 30 - FORMA VARIANTE DEL TITULO
Título propio/Titulo breve Las avenidas
250 ## - MENCION DE EDICION
Mención de edición 1ª ed.
260 ## - PUBLICACIÓN, DISTRIBUCIÓN, ETC.
Lugar de publicación, distribución, etc. Pamplona :
Nombre del editor, distribuidor, etc. Laetoli,
Fecha de publicación, distribución, etc. 2016.
300 ## - DESCRIPCIÓN FÍSICA
Extensión 127 p. ;
Dimensiones 23 cm
336 ## - TIPO DE CONTENIDO
Término de tipo de contenido Texto (visual)
Fuente isbdcontent
337 ## - TIPO DE MEDIO
Nombre/término del tipo de medio sin mediación
Fuente isbdmedia
338 ## - TIPO DE SOPORTE
Fuente rdacarrier
Nombre/término del tipo de soporte volumen
490 1# - MENCIÓN DE SERIE
Mención de serie Los ilustrados ;
Designación de volumen o secuencia 14
504 ## - NOTA DE BIBLIOGRAFÍA, ETC.
Nota de bibliografía, etc. Bibliografía: p. 121-122
594 ## - NOTA AL TITULO Y MENCION DE RESPONSABILIDAD
Nota al título y mención de responsabilidad Título original: La promenade du sceptique
650 #4 - PUNTO DE ACCESO ADICIONAL DE MATERIA--TÉRMINO DE MATERIA
Término de materia o nombre geográfico como elemento de entrada Cristianismo-
Subdivisión de forma Obras de controversia
Fuente del encabezamiento o término embne
9 (RLIN) 11431
650 #7 - PUNTO DE ACCESO ADICIONAL DE MATERIA--TÉRMINO DE MATERIA
Término de materia o nombre geográfico como elemento de entrada Escepticismo
Fuente del encabezamiento o término embne
9 (RLIN) 12353
700 0# - ENTRADA AGREGADA--NOMBRE PERSONAL
Nombre de persona Amo, Elena del
9 (RLIN) 21271
700 0# - ENTRADA AGREGADA--NOMBRE PERSONAL
Nombre de persona Rodríguez Aramayo, Roberto
9 (RLIN) 98340
700 1# - ENTRADA AGREGADA--NOMBRE PERSONAL
Nombre de persona Bunge, Mario,
Fechas asociadas al nombre 1919-
9 (RLIN) 165711
830 ## - PUNTO DE ACCESO ADICIONAL DE SERIE-TÍTULO UNIFORME
9 (RLIN) 225056
Título uniforme Los ilustrados ;
Designación de volumen o secuencia 14
852 ## - LOCALIZACIÓN
Ubicación ES-MaACL
Ubicación en estantería Depósito 1
Donativo/Legado Donación: José Manuel Duarte Cendán
itemnumber 204042
Número de control de estantería A-15384
903 ## - NOMBRE PERSONAL DE DONANTE
9 238529
a Duarte Cendán, José Manuel
q 1
e Donante
942 ## - ELEMENTOS DE ENTRADA SECUNDARIOS (KOHA)
Suprimir en OPAC No
Tipo de ítem Koha Libro impreso
Holdings
Estatus retirado Estado de pérdida Fuente del sistema de clasificación o colocación Estado de daño No para préstamo Biblioteca de origen Biblioteca actual Ubicación en estantería Fecha de adquisición Fuente de adquisición Total de préstamos Signatura topográfica completa Código de barras Visto por última vez Precio de reemplazo Tipo de ítem Koha
    Clasificación decimal universal     Biblioteca del Ateneo de Madrid Biblioteca del Ateneo de Madrid Depósito 1 13/09/2024 Donación   A-15384 101228824 13/09/2024 13/09/2024 Libro impreso